[Event "XtraCon-Skakligaen"]
[Site "Denmark"]
[Date "2014.02.16"]
[Round "7.2"]
[White "Stojanovski, Sandi"]
[Black "Rasmussen, Allan Stig"]
[Result "1/2-1/2"]
[WhiteElo "2289"]
[BlackElo "2499"]
[PlyCount "83"]
[EventDate "2013.11.02"]
[EventType "team-tourn"]
[EventRounds "9"]
[WhiteTeam "K41"]
[BlackTeam "Jetsmark"]
[WhiteTeamCountry "DEN"]
[BlackTeamCountry "DEN"]

1. d4 Nf6 2. c4 e6 3. Nc3 Bb4 4. e3 b6 5. Bd3 Bb7 6. Nf3 c5 7. O-O O-O 8. Bd2
cxd4 9. exd4 Re8 10. Re1 h6 11. a3 Bf8 12. b4 d6 13. Bf4 Nbd7 14. Bc2 a6 15.
Bb3 Rc8 16. Rc1 Rc7 17. c5 Nb8 18. cxb6 Rc8 19. d5 e5 20. Be3 Nbd7 21. Ba4 Re7
22. Bc6 Nxb6 23. Bxb6 Qxb6 24. Ne4 Nxe4 25. Rxe4 Bxc6 26. Rec4 Rec7 27. dxc6
Rxc6 28. Qd5 Rxc4 29. Rxc4 Rxc4 30. Qxc4 Qb7 31. Nd2 d5 32. Qc3 g6 33. Qxe5 Qc6
34. Qe3 h5 35. g3 Bg7 36. Nf3 Qe6 37. Qxe6 fxe6 38. Ng5 e5 39. Ne6 e4 40. Nc7
Kf7 41. Nxd5 Be5 42. Kf1 1/2-1/2

[Event "XtraCon-Skakligaen"]
[Site "Denmark"]
[Date "2014.02.16"]
[Round "7.3"]
[White "Ochsner, Bjorn Moller"]
[Black "Schmidt, Kristen"]
[Result "1-0"]
[WhiteElo "2296"]
[BlackElo "2262"]
[PlyCount "79"]
[EventDate "2013.11.02"]
[EventType "team-tourn"]
[EventRounds "9"]
[WhiteTeam "Jetsmark"]
[BlackTeam "K41"]
[WhiteTeamCountry "DEN"]
[BlackTeamCountry "DEN"]

1. e4 c5 2. Nf3 Nc6 3. d4 cxd4 4. Nxd4 e5 5. Nb5 d6 6. N1c3 a6 7. Na3 b5 8. Nd5
Nf6 9. Bg5 Be7 10. Bxf6 Bxf6 11. c4 b4 12. Nc2 a5 13. g3 Bg5 14. Bg2 O-O 15.
O-O Ne7 16. Nce3 Bxe3 17. Nxe3 Be6 18. Qd3 Qc7 19. Rad1 Rfd8 20. Kh1 Qc5 21. f4
f6 22. fxe5 Qxe5 23. b3 a4 24. Nd5 Bxd5 25. exd5 axb3 26. axb3 Ra2 27. c5 Ng6
28. c6 Qb2 29. Rg1 Re8 30. Rb1 Qf2 31. Qf1 Qb6 32. Re1 Ne5 33. Re2 Ra3 34. Qd1
Re7 35. Rf1 Rea7 36. Rc2 Rc7 37. Re2 Qb5 38. Re4 Ra8 39. Qd4 f5 40. Rxe5 1-0

[Event "XtraCon-Skakligaen"]
[Site "Denmark"]
[Date "2014.02.16"]
[Round "7.4"]
[White "Naes, Flovin Tor"]
[Black "Jensen, Bjarke"]
[Result "0-1"]
[WhiteElo "2252"]
[BlackElo "2321"]
[PlyCount "72"]
[EventDate "2013.11.02"]
[EventType "team-tourn"]
[EventRounds "9"]
[WhiteTeam "K41"]
[BlackTeam "Jetsmark"]
[WhiteTeamCountry "DEN"]
[BlackTeamCountry "DEN"]

1. d4 d5 2. Nf3 Nf6 3. c4 c6 4. cxd5 cxd5 5. Nc3 Nc6 6. Bf4 Ne4 7. e3 g6 8. Bd3
Nxc3 9. bxc3 Bg7 10. O-O O-O 11. Rb1 Na5 12. Nd2 b6 13. Qe2 Bb7 14. Rfc1 Rc8
15. h3 Qd7 16. Rb2 Nc4 17. Bxc4 dxc4 18. f3 b5 19. Rcb1 Bc6 20. Bg3 Rfe8 21. e4
e6 22. Nf1 Qe7 23. a4 bxa4 24. Rb4 a6 25. Qa2 Bb5 26. Ne3 Qg5 27. Kf2 Bf8 28.
R4b2 a3 29. Re2 Ba4 30. Nxc4 Bb5 31. Rxb5 axb5 32. Nd6 Bxd6 33. Bxd6 Rxc3 34.
Bb4 Rc4 35. Bc5 Rxc5 36. dxc5 Qxc5+ 0-1

[Event "XtraCon-Skakligaen"]
[Site "Denmark"]
[Date "2014.02.16"]
[Round "7.5"]
[White "Wiwe, Andreas"]
[Black "Andreasen, Joan Hendrik"]
[Result "1-0"]
[WhiteElo "2287"]
[BlackElo "2239"]
[PlyCount "133"]
[EventDate "2013.11.02"]
[EventType "team-tourn"]
[EventRounds "9"]
[WhiteTeam "Jetsmark"]
[BlackTeam "K41"]
[WhiteTeamCountry "DEN"]
[BlackTeamCountry "DEN"]

1. e4 e6 2. d4 d5 3. Nc3 Nf6 4. e5 Nfd7 5. f4 c5 6. Nf3 Nc6 7. Be3 Be7 8. Qd2
O-O 9. Be2 b6 10. O-O Bb7 11. Nd1 a5 12. c3 a4 13. Nf2 Na5 14. Rad1 Qc7 15. Qe1
Rac8 16. Ng4 Nc4 17. Bc1 Rce8 18. Bd3 f5 19. exf6 Bxf6 20. Nfe5 Nd6 21. Qg3
cxd4 22. cxd4 Ne4 23. Nh6+ Kh8 24. Nef7+ Rxf7 25. Nxf7+ Kg8 26. Bxe4 dxe4 27.
Ne5 Bd5 28. a3 b5 29. Be3 Nb6 30. Rc1 Qd6 31. Rc5 Bc4 32. Rc1 Rd8 33. Rc6 Bxe5
34. Rxd6 Bxd6 35. Qg4 Bd5 36. f5 exf5 37. Qxf5 Rf8 38. Qg5 Rf6 39. Rf1 Rxf1+
40. Kxf1 Bc4+ 41. Kf2 Nd5 42. Qd8+ Bf8 43. g4 h6 44. g5 hxg5 45. Bxg5 Kf7 46.
Qd7+ Be7 47. Qf5+ Bf6 48. h4 e3+ 49. Bxe3 Ke7 50. Bg5 Bxg5 51. hxg5 Ke8 52. Kg3
Ke7 53. Kh4 Ke8 54. Qf2 Ne7 55. Qf3 g6 56. Qa8+ Kd7 57. Kg3 Kd6 58. Qf8 Kd7 59.
Kf4 Bd3 60. Ke5 Nc6+ 61. Kd5 Bc4+ 62. Kc5 Ne7 63. Qb8 Ke6 64. Qd6+ Kf7 65. d5
Bxd5 66. Qxd5+ Nxd5 67. Kxd5 1-0

[Event "XtraCon-Skakligaen"]
[Site "Denmark"]
[Date "2014.02.16"]
[Round "7.6"]
[White "Brinck Claussen, Bjorn"]
[Black "Christensen, Stefan"]
[Result "1-0"]
[WhiteElo "2248"]
[BlackElo "2278"]
[PlyCount "39"]
[EventDate "2013.11.02"]
[EventType "team-tourn"]
[EventRounds "9"]
[WhiteTeam "K41"]
[BlackTeam "Jetsmark"]
[WhiteTeamCountry "DEN"]
[BlackTeamCountry "DEN"]

1. e4 e6 2. d4 d5 3. Nd2 dxe4 4. Nxe4 Nd7 5. Nf3 Ngf6 6. Nxf6+ Nxf6 7. Bd3 c5
8. O-O cxd4 9. Nxd4 Be7 10. Re1 O-O 11. c3 a6 12. Bf4 Bd7 13. Be5 Bc6 14. Re3
Qd5 15. Nxc6 bxc6 16. c4 Qa5 17. b4 Bxb4 18. Bxf6 gxf6 19. Qg4+ Qg5 20. Qh3 1-0

[Event "XtraCon-Skakligaen"]
[Site "Denmark"]
[Date "2014.02.16"]
[Round "7.7"]
[White "Helledie, Anders"]
[Black "Christensen, Bo Garner"]
[Result "1-0"]
[WhiteElo "2237"]
[BlackElo "2219"]
[PlyCount "101"]
[EventDate "2013.11.02"]
[EventType "team-tourn"]
[EventRounds "9"]
[WhiteTeam "Jetsmark"]
[BlackTeam "K41"]
[WhiteTeamCountry "DEN"]
[BlackTeamCountry "DEN"]

1. e4 c5 2. Nc3 Nc6 3. g3 g6 4. Bg2 Bg7 5. d3 e6 6. Be3 Nd4 7. Nce2 Nxe2 8.
Nxe2 Bxb2 9. Rb1 Bg7 10. Bxc5 d6 11. Ba3 Ne7 12. O-O O-O 13. c4 Qc7 14. Qd2 Rd8
15. Rfc1 Rb8 16. Nc3 a6 17. d4 Nc6 18. Ne2 b6 19. Qd3 e5 20. d5 Ne7 21. Rb3 Bh6
22. Rcb1 Bd7 23. Qc3 f5 24. f3 Rf8 25. Qb2 fxe4 26. fxe4 Rbd8 27. Qc3 Nc8 28.
h3 Rf7 29. Rf1 Rdf8 30. Rbb1 b5 31. c5 b4 32. Bxb4 Bb5 33. Rxf7 Qxf7 34. Rf1
Qa7 35. Rxf8+ Bxf8 36. Qe3 dxc5 37. Bc3 Nd6 38. Kh2 Nf7 39. Qf2 Bh6 40. Ng1 Bd3
41. h4 Qe7 42. Nh3 c4 43. Qb6 Qa3 44. Bb4 Qxb4 45. Qxb4 Bf8 46. Qa5 Nd6 47. Nf2
Bb1 48. Qd2 Nb5 49. Qb2 Bc5 50. Qxb1 Bxf2 51. Qc2 1-0

[Event "XtraCon-Skakligaen"]
[Site "Denmark"]
[Date "2014.02.16"]
[Round "7.8"]
[White "Reimanis, Ritvars"]
[Black "Rathlev, Jakob"]
[Result "1/2-1/2"]
[WhiteElo "2187"]
[BlackElo "2250"]
[PlyCount "34"]
[EventDate "2013.11.02"]
[EventType "team-tourn"]
[EventRounds "9"]
[WhiteTeam "K41"]
[BlackTeam "Jetsmark"]
[WhiteTeamCountry "DEN"]
[BlackTeamCountry "DEN"]

1. d4 e6 2. Nf3 f5 3. Bg5 Be7 4. Bxe7 Qxe7 5. Nc3 Nf6 6. Qd3 b6 7. O-O-O Ng4 8.
Nd2 d5 9. Qf3 Nf6 10. Nc4 O-O 11. Ne5 Nbd7 12. Qe3 Nxe5 13. Qxe5 Ba6 14. e3
Bxf1 15. Rhxf1 Qd7 16. f3 b5 17. Ne2 Qd6 1/2-1/2

[Event "XtraCon-Skakligaen"]
[Site "Denmark"]
[Date "2014.02.16"]
[Round "7.2"]
[White "Skytte, Rasmus"]
[Black "Brynell, Stellan"]
[Result "1/2-1/2"]
[WhiteElo "2423"]
[BlackElo "2492"]
[PlyCount "37"]
[EventDate "2013.11.02"]
[EventType "team-tourn"]
[EventRounds "9"]
[WhiteTeam "Aarhus/Skolerne"]
[BlackTeam "Nordkalotten"]
[WhiteTeamCountry "DEN"]
[BlackTeamCountry "DEN"]

1. d4 e6 2. Nf3 Nf6 3. c4 b6 4. a3 Ba6 5. Qc2 Bb7 6. Nc3 c5 7. dxc5 bxc5 8. Bf4
Be7 9. Rd1 O-O 10. e3 d6 11. Be2 Qb6 12. O-O Rd8 13. Rd2 Nbd7 14. Rfd1 Ne8 15.
e4 Ndf6 16. h3 Rab8 17. e5 dxe5 18. Rxd8 Rxd8 19. Rxd8 1/2-1/2

[Event "XtraCon-Skakligaen"]
[Site "Denmark"]
[Date "2014.02.16"]
[Round "7.3"]
[White "Ahlander, Bjorn"]
[Black "Rasmussen, Karsten"]
[Result "0-1"]
[WhiteElo "2442"]
[BlackElo "2419"]
[PlyCount "108"]
[EventDate "2013.11.02"]
[EventType "team-tourn"]
[EventRounds "9"]
[WhiteTeam "Nordkalotten"]
[BlackTeam "Aarhus/Skolerne"]
[WhiteTeamCountry "DEN"]
[BlackTeamCountry "DEN"]

1. c4 c6 2. e4 d5 3. exd5 cxd5 4. cxd5 Nf6 5. Qa4+ Nbd7 6. Nc3 g6 7. Nf3 Bg7 8.
Bc4 a6 9. d3 O-O 10. Qa3 b6 11. O-O Bb7 12. Re1 b5 13. Bb3 Re8 14. Ng5 Nb6 15.
d6 e6 16. Nge4 Nfd5 17. Nxd5 Nxd5 18. Bg5 f6 19. Bd2 a5 20. Qc5 Qd7 21. Rac1
Rec8 22. Qd4 Rxc1 23. Bxc1 f5 24. Nc5 Bxd4 25. Nxd7 Rd8 26. Ne5 Rxd6 27. a4
bxa4 28. Nc4 Ra6 29. Bxa4 Nb4 30. Rd1 Kg7 31. Be3 Bxe3 32. fxe3 Bd5 33. b3 Kf6
34. Kf2 g5 35. g3 g4 36. Nb2 Nc6 37. Rc1 Ne5 38. Rc5 Ra7 39. d4 Nf3 40. h3 Nd2
41. Kg1 gxh3 42. Kh2 Bg2 43. Bc6 Nxb3 44. Rc3 Bxc6 45. Rxc6 a4 46. Nd3 a3 47.
Nc1 Nxc1 48. Rxc1 a2 49. Ra1 e5 50. Kxh3 exd4 51. exd4 Ke6 52. Kh4 Kd5 53. Kg5
Kxd4 54. Kxf5 Kc3 0-1

[Event "XtraCon-Skakligaen"]
[Site "Denmark"]
[Date "2014.02.16"]
[Round "7.4"]
[White "Christensen, Tobias"]
[Black "Kristensen, Kaare Hove"]
[Result "1/2-1/2"]
[WhiteElo "2355"]
[BlackElo "2342"]
[PlyCount "175"]
[EventDate "2013.11.02"]
[EventType "team-tourn"]
[EventRounds "9"]
[WhiteTeam "Aarhus/Skolerne"]
[BlackTeam "Nordkalotten"]
[WhiteTeamCountry "DEN"]
[BlackTeamCountry "DEN"]

1. e4 c5 2. Nf3 Nc6 3. Nc3 g6 4. d4 cxd4 5. Nxd4 Bg7 6. Be3 Nf6 7. Nb3 O-O 8.
Be2 d6 9. Qd2 Be6 10. Bh6 Bxh6 11. Qxh6 Rc8 12. O-O Qb6 13. Qd2 Ne5 14. Qd4
Qxd4 15. Nxd4 Bc4 16. Rfe1 Bxe2 17. Rxe2 Rc4 18. Rd1 Rfc8 19. f4 Nc6 20. Nxc6
bxc6 21. e5 Nd5 22. Nxd5 cxd5 23. exd6 exd6 24. c3 Rxf4 25. Rxd5 Rc6 26. g3 Rf6
27. a4 Rc5 28. Red2 Rc6 29. R2d3 Kf8 30. b4 Ke7 31. b5 Rc4 32. R5d4 Rxd4 33.
Rxd4 Kd7 34. Kg2 Re6 35. Kf3 Re1 36. Rc4 Ra1 37. Ke3 f5 38. g4 fxg4 39. Rxg4
Ra3 40. Kd3 d5 41. h4 Kd6 42. h5 gxh5 43. Rh4 Kc5 44. Kc2 Ra1 45. Kb2 Rg1 46.
Rxh5 a6 47. bxa6 Rg6 48. Rxh7 Rxa6 49. Rh4 Rb6+ 50. Ka3 Ra6 51. Rb4 Rh6 52. Kb3
Rh1 53. Kb2 Rh2+ 54. Ka3 Rh1 55. Rd4 Rg1 56. Kb3 Rb1+ 57. Kc2 Rh1 58. Rb4 Rg1
59. Rb8 Rh1 60. Kb2 Rh2+ 61. Kb3 Rh1 62. Rc8+ Kb6 63. Kc2 Ra1 64. Ra8 Kb7 65.
Ra5 Kb6 66. Ra8 Kb7 67. Kb2 Rh1 68. Rd8 Kc6 69. a5 Rh2+ 70. Kb3 Rh1 71. Ra8 Kb5
72. a6 Kb6 73. Kc2 Rh3 74. Kd2 Rg3 75. Rd8 Kxa6 76. Rxd5 Kb6 77. Kc2 Kc6 78.
Rh5 Rg2+ 79. Kb3 Rg4 80. Rh8 Kc5 81. Rc8+ Kb6 82. c4 Kb7 83. Rf8 Kc6 84. Kb4
Rg5 85. Rf6+ Kc7 86. Rh6 Rf5 87. Kc3 Rf4 88. Kd3 1/2-1/2

[Event "XtraCon-Skakligaen"]
[Site "Denmark"]
[Date "2014.02.16"]
[Round "7.5"]
[White "Sylvan, Jacob"]
[Black "Pedersen, Finn"]
[Result "1-0"]
[WhiteElo "2337"]
[BlackElo "2310"]
[PlyCount "81"]
[EventDate "2013.11.02"]
[EventType "team-tourn"]
[EventRounds "9"]
[WhiteTeam "Nordkalotten"]
[BlackTeam "Aarhus/Skolerne"]
[WhiteTeamCountry "DEN"]
[BlackTeamCountry "DEN"]

1. e4 c6 2. d4 d5 3. e5 Bf5 4. Nf3 e6 5. Be2 Nd7 6. O-O Ne7 7. Nbd2 h6 8. Nb3
Qc7 9. Bd2 f6 10. Re1 fxe5 11. Nxe5 Nxe5 12. dxe5 c5 13. Bh5+ g6 14. Bf3 g5 15.
Bh5+ Kd7 16. Be3 b6 17. c4 Rd8 18. cxd5 Nxd5 19. Rc1 Bg7 20. Nxc5+ bxc5 21.
Rxc5 Qb7 22. Qa4+ Ke7 23. Rb5 Qxb5 24. Qxb5 Bxe5 25. Bc5+ Kf6 26. Qe2 Bc7 27.
Bd4+ Ke7 28. Bxh8 Rxh8 29. Bf3 Nf4 30. Qb5 Rd8 31. g3 Nd3 32. Re3 Kf7 33. Qb7
Rd7 34. Qc8 Re7 35. Qh8 g4 36. Bxg4 Bxg4 37. Rxd3 Bf5 38. Rf3 Kg6 39. g4 Bxg4
40. Rf6+ Kg5 41. Qxh6# 1-0

[Event "XtraCon-Skakligaen"]
[Site "Denmark"]
[Date "2014.02.16"]
[Round "7.6"]
[White "Rendboe, John Filip"]
[Black "Jakobsen, Peter"]
[Result "1/2-1/2"]
[WhiteElo "2214"]
[BlackElo "2238"]
[PlyCount "30"]
[EventDate "2013.11.02"]
[EventType "team-tourn"]
[EventRounds "9"]
[WhiteTeam "Aarhus/Skolerne"]
[BlackTeam "Nordkalotten"]
[WhiteTeamCountry "DEN"]
[BlackTeamCountry "DEN"]

1. d4 d5 2. c4 e6 3. Nf3 Nf6 4. g3 Be7 5. Bg2 O-O 6. O-O dxc4 7. Qc2 a6 8. a4
Bd7 9. Nbd2 Bc6 10. Nxc4 Nbd7 11. Bd2 Be4 12. Qb3 Bd5 13. Qc2 Be4 14. Qb3 Bd5
15. Qc2 Be4 1/2-1/2

[Event "XtraCon-Skakligaen"]
[Site "Denmark"]
[Date "2014.02.16"]
[Round "7.7"]
[White "Pedersen, Daniel V"]
[Black "Jensen, Jacob Bjerre"]
[Result "1/2-1/2"]
[WhiteElo "2245"]
[BlackElo "2156"]
[PlyCount "65"]
[EventDate "2013.11.02"]
[EventType "team-tourn"]
[EventRounds "9"]
[WhiteTeam "Nordkalotten"]
[BlackTeam "Aarhus/Skolerne"]
[WhiteTeamCountry "DEN"]
[BlackTeamCountry "DEN"]

1. e4 e6 2. d4 d5 3. Nc3 Bb4 4. e5 c5 5. a3 Bxc3+ 6. bxc3 Qa5 7. Bd2 Qa4 8. Qg4
g6 9. Qd1 b6 10. Nf3 Ba6 11. Bxa6 Nxa6 12. O-O c4 13. Bg5 Nb8 14. Qe2 Nd7 15.
g4 Kf8 16. h3 Kg7 17. Ne1 h6 18. Bh4 h5 19. Ng2 hxg4 20. hxg4 Rh7 21. f4 Nh6
22. Bf6+ Kf8 23. Kf2 Nxf6 24. exf6 Nxg4+ 25. Qxg4 Qxc2+ 26. Qe2 Qxc3 27. Qe3
Qc2+ 28. Kg3 Qf5 29. Rh1 Rxh1 30. Rxh1 Qxf6 31. a4 Ke7 32. a5 Rg8 33. axb6
1/2-1/2

[Event "XtraCon-Skakligaen"]
[Site "Denmark"]
[Date "2014.02.16"]
[Round "7.8"]
[White "Tettinek, Michael"]
[Black "Ejsing, Esben"]
[Result "0-1"]
[WhiteElo "2041"]
[BlackElo "2153"]
[PlyCount "90"]
[EventDate "2013.11.02"]
[EventType "team-tourn"]
[EventRounds "9"]
[WhiteTeam "Aarhus/Skolerne"]
[BlackTeam "Nordkalotten"]
[WhiteTeamCountry "DEN"]
[BlackTeamCountry "DEN"]

1. d4 Nf6 2. Nf3 c5 3. c3 b6 4. g3 Bb7 5. Bg2 e6 6. O-O Be7 7. Bf4 O-O 8. Nbd2
Nd5 9. e4 Nxf4 10. gxf4 d5 11. e5 Nc6 12. Re1 a5 13. Nf1 a4 14. a3 Qd7 15. Re3
Na5 16. N3d2 Nc4 17. Rh3 Kh8 18. Nxc4 dxc4 19. Qh5 h6 20. Rd1 Bxg2 21. Kxg2
Rad8 22. Ne3 f5 23. Qg6 Rg8 24. Kf1 Bf8 25. dxc5 Qc7 26. Rxd8 Qxd8 27. Qxe6
Qd3+ 28. Kg2 Bxc5 29. Qxc4 Qb1 30. Qxa4 Qxb2 31. Qc2 Qxa3 32. Nxf5 Qa8+ 33. Rf3
g5 34. Nxh6 g4 35. Nf7+ Kg7 36. Ng5 gxf3+ 37. Kg3 Rh8 38. Qf5 Bxf2+ 39. Kxf2
Rxh2+ 40. Ke3 Re2+ 41. Kd4 Qa4+ 42. c4 Qd1+ 43. Kc3 Qa1+ 44. Kb3 Re3+ 45. Kc2
Qc3+ 0-1

[Event "XtraCon-Skakligaen"]
[Site "Denmark"]
[Date "2014.02.16"]
[Round "7.1"]
[White "Aabling Thomsen, Jakob"]
[Black "Teplyi, Igor"]
[Result "0-1"]
[WhiteElo "2375"]
[BlackElo "2393"]
[PlyCount "126"]
[EventDate "2013.11.02"]
[EventType "team-tourn"]
[EventRounds "9"]
[WhiteTeam "Bronshoj"]
[BlackTeam "Nordre"]
[WhiteTeamCountry "DEN"]
[BlackTeamCountry "DEN"]

1. c4 c5 2. b3 Nc6 3. Bb2 e5 4. d3 g6 5. h4 Nf6 6. e3 Bg7 7. Be2 O-O 8. h5 d5
9. Nd2 Qe7 10. hxg6 hxg6 11. cxd5 Nxd5 12. Rc1 Rd8 13. a3 Be6 14. Rc4 b5 15.
Rch4 b4 16. a4 Nc3 17. Qc2 Rab8 18. Ngf3 f6 19. d4 Bf5 20. Bd3 exd4 21. Bxf5
dxe3 22. O-O gxf5 23. Bxc3 bxc3 24. Nc4 Nd4 25. Nxd4 cxd4 26. fxe3 dxe3 27. Re1
Qc5 28. Qxc3 e2+ 29. Kh2 Qf2 30. Qg3 Qxg3+ 31. Kxg3 Rxb3+ 32. Kf2 Rb4 33. Rxe2
Rxa4 34. g3 Rc8 35. Nd6 Rxh4 36. gxh4 Ra8 37. Nxf5 a5 38. Kf3 Bf8 39. h5 a4 40.
Rg2+ Kh7 41. Nd4 a3 42. Ra2 Kh6 43. Ke4 Ra5 44. Kd3 Kxh5 45. Kc3 f5 46. Kb3 Kg6
47. Rg2+ Kf6 48. Rf2 Rd5 49. Kc4 Re5 50. Rf1 Ra5 51. Kb3 Bd6 52. Rf2 Re5 53.
Rf3 Rd5 54. Nc2 Rb5+ 55. Ka4 Rb2 56. Rd3 Rxc2 57. Rxd6+ Ke5 58. Ra6 a2 59. Kb3
Re2 60. Kc3 Ke4 61. Ra8 f4 62. Re8+ Kf3 63. Ra8 Ke3 0-1

[Event "XtraCon-Skakligaen"]
[Site "Denmark"]
[Date "2014.02.16"]
[Round "7.2"]
[White "Sloth, Jorn"]
[Black "Pilgaard, Kim"]
[Result "1-0"]
[WhiteElo "2338"]
[BlackElo "2403"]
[PlyCount "61"]
[EventDate "2013.11.02"]
[EventType "team-tourn"]
[EventRounds "9"]
[WhiteTeam "Nordre"]
[BlackTeam "Bronshoj"]
[WhiteTeamCountry "DEN"]
[BlackTeamCountry "DEN"]

1. Nf3 c5 2. c4 Nc6 3. d4 cxd4 4. Nxd4 Nf6 5. Nc3 e6 6. Ndb5 d6 7. Bf4 e5 8.
Bg5 a6 9. Bxf6 gxf6 10. Na3 f5 11. Qd2 Be6 12. e3 Rc8 13. Nd5 Bg7 14. Be2 O-O
15. O-O Kh8 16. Rad1 Rg8 17. f4 Qh4 18. g3 Qh6 19. Kh1 Bf8 20. Rg1 Ne7 21. Bf3
e4 22. Be2 Bxd5 23. cxd5 Rc5 24. Nc2 Bg7 25. Nd4 Qf6 26. g4 fxg4 27. Rxg4 Nxd5
28. Nb3 Nxe3 29. Qxe3 Rc2 30. Qxe4 Qxb2 31. Rh4 1-0

[Event "XtraCon-Skakligaen"]
[Site "Denmark"]
[Date "2014.02.16"]
[Round "7.3"]
[White "Hoi, Carsten"]
[Black "Baekgaard, Martin"]
[Result "1/2-1/2"]
[WhiteElo "2393"]
[BlackElo "2301"]
[PlyCount "29"]
[EventDate "2013.11.02"]
[EventType "team-tourn"]
[EventRounds "9"]
[WhiteTeam "Bronshoj"]
[BlackTeam "Nordre"]
[WhiteTeamCountry "DEN"]
[BlackTeamCountry "DEN"]

1. d4 d5 2. Nf3 Nf6 3. c4 e6 4. Nc3 Bb4 5. e3 c5 6. Bd2 O-O 7. cxd5 exd5 8. Bd3
Nc6 9. O-O Bg4 10. a3 Ba5 11. Be2 Bxf3 12. Bxf3 cxd4 13. exd4 Nxd4 14. Bg5 Bxc3
15. bxc3 1/2-1/2

[Event "XtraCon-Skakligaen"]
[Site "Denmark"]
[Date "2014.02.16"]
[Round "7.4"]
[White "Petersen, Tom Petri"]
[Black "Carstensen, Jacob"]
[Result "1/2-1/2"]
[WhiteElo "2323"]
[BlackElo "2372"]
[PlyCount "34"]
[EventDate "2013.11.02"]
[EventType "team-tourn"]
[EventRounds "9"]
[WhiteTeam "Nordre"]
[BlackTeam "Bronshoj"]
[WhiteTeamCountry "DEN"]
[BlackTeamCountry "DEN"]

1. Nf3 Nf6 2. g3 d5 3. Bg2 c6 4. O-O Bf5 5. d3 e6 6. Nbd2 h6 7. e3 Be7 8. Qe2
O-O 9. e4 Bh7 10. Ne5 Nbd7 11. Nxd7 Nxd7 12. e5 Qc7 13. Re1 Rfd8 14. f4 c5 15.
g4 Rac8 16. Nf1 b5 17. Ng3 Bh4 1/2-1/2

[Event "XtraCon-Skakligaen"]
[Site "Denmark"]
[Date "2014.02.16"]
[Round "7.5"]
[White "Bromann, Thorbjorn"]
[Black "Veng, Johnny"]
[Result "0-1"]
[WhiteElo "2356"]
[BlackElo "2232"]
[PlyCount "106"]
[EventDate "2013.11.02"]
[EventType "team-tourn"]
[EventRounds "9"]
[WhiteTeam "Bronshoj"]
[BlackTeam "Nordre"]
[WhiteTeamCountry "DEN"]
[BlackTeamCountry "DEN"]

1. d4 Nf6 2. Bg5 e6 3. e4 h6 4. Bxf6 Qxf6 5. c3 d6 6. Bd3 Nd7 7. Ne2 g6 8. O-O
Bg7 9. f4 O-O 10. f5 Qe7 11. Na3 e5 12. Qb3 Kh7 13. Nc4 Nf6 14. Qa3 Re8 15.
Rae1 Bd7 16. Ne3 Bc6 17. d5 Bd7 18. g4 Nxg4 19. Nxg4 Qg5 20. Ng3 Qxg4 21. fxg6+
fxg6 22. Rf7 Rf8 23. Be2 Qh3 24. Bf1 Rxf7 25. Bxh3 Bxh3 26. c4 Raf8 27. Nf5
Bxf5 28. exf5 gxf5 29. Qxa7 b6 30. Qa4 e4 31. Qc2 Rg8 32. Kh1 Be5 33. b4 Rg5
34. a4 Rfg7 35. Qd2 Rh5 36. Rg1 Rxg1+ 37. Kxg1 Rh3 38. Qf2 Rf3 39. Qh4 e3 40.
Qe7+ Kg6 41. Qe8+ Kg5 42. Qd8+ Kh5 43. Qe8+ Kg5 44. Qd8+ Kg4 45. Qg8+ Kf4 46.
Qg2 Rf2 47. Qh3 Ke4 48. a5 bxa5 49. bxa5 Bxh2+ 50. Kh1 e2 51. Qh4+ Ke3 52.
Qxh6+ Bf4 53. Qe6+ Kf3 0-1

[Event "XtraCon-Skakligaen"]
[Site "Denmark"]
[Date "2014.02.16"]
[Round "7.6"]
[White "Hoiberg, Nina"]
[Black "Greger, Roland Reinhard"]
[Result "1/2-1/2"]
[WhiteElo "2212"]
[BlackElo "2308"]
[PlyCount "82"]
[EventDate "2013.11.02"]
[EventType "team-tourn"]
[EventRounds "9"]
[WhiteTeam "Nordre"]
[BlackTeam "Bronshoj"]
[WhiteTeamCountry "DEN"]
[BlackTeamCountry "DEN"]

1. e4 e6 2. Nf3 d5 3. e5 c5 4. b4 cxb4 5. a3 Bd7 6. axb4 Bxb4 7. c3 Be7 8. d4
Nc6 9. Bd3 a6 10. O-O Rc8 11. Be3 Na5 12. Nfd2 Nc4 13. Nxc4 dxc4 14. Bc2 Bc6
15. Qg4 g6 16. Nd2 h5 17. Qe2 Nh6 18. Bxh6 Rxh6 19. Rfb1 h4 20. Be4 Bd5 21.
Bxd5 Qxd5 22. Qe4 Rc7 23. Qxd5 exd5 24. Rb6 Kd8 25. Nf1 Rd7 26. f4 Rh8 27. Ne3
Kc8 28. Kf2 Kb8 29. Rab1 Ka8 30. e6 fxe6 31. Rxe6 Rf8 32. Nxd5 Bd8 33. Nb6+
Bxb6 34. Rbxb6 Rxf4+ 35. Ke3 g5 36. Rb4 Rg4 37. Kf3 Rf4+ 38. Ke3 Rc7 39. Re5
Rg4 40. Kf3 Rf4+ 41. Ke3 Rg4 1/2-1/2

[Event "XtraCon-Skakligaen"]
[Site "Denmark"]
[Date "2014.02.16"]
[Round "7.7"]
[White "Palm, Nikolaj"]
[Black "Christensen, Jan Schleicher"]
[Result "1-0"]
[WhiteElo "2313"]
[BlackElo "2218"]
[PlyCount "77"]
[EventDate "2013.11.02"]
[EventType "team-tourn"]
[EventRounds "9"]
[WhiteTeam "Bronshoj"]
[BlackTeam "Nordre"]
[WhiteTeamCountry "DEN"]
[BlackTeamCountry "DEN"]

1. d4 Nf6 2. Nf3 c5 3. e3 g6 4. b3 Bg7 5. Bb2 cxd4 6. exd4 d5 7. Bd3 O-O 8. O-O
Nc6 9. Re1 Nb4 10. Bf1 Bf5 11. Na3 Rc8 12. c3 Nc6 13. Nc2 Re8 14. Ne3 Bd7 15.
Ne5 e6 16. Rc1 Ne7 17. g3 Qa5 18. Nxd7 Nxd7 19. a3 Nf6 20. Bg2 Red8 21. Qd3 b5
22. Re2 Rc7 23. h4 h5 24. Rce1 Qa6 25. a4 Rb8 26. Ra1 Qb6 27. a5 Qc6 28. Ba3
Rbc8 29. Bc5 Ne4 30. b4 Nxc5 31. bxc5 a6 32. Nc2 Qd7 33. Nb4 Ra7 34. Bh3 Re8
35. Qf3 Nc6 36. Nxd5 Qd8 37. Nb6 b4 38. Qxc6 bxc3 39. d5 1-0

[Event "XtraCon-Skakligaen"]
[Site "Denmark"]
[Date "2014.02.16"]
[Round "7.8"]
[White "Klitgaard, Thomas"]
[Black "Junge, Ralph"]
[Result "1/2-1/2"]
[WhiteElo "2182"]
[BlackElo "2305"]
[PlyCount "69"]
[EventDate "2013.11.02"]
[EventType "team-tourn"]
[EventRounds "9"]
[WhiteTeam "Nordre"]
[BlackTeam "Bronshoj"]
[WhiteTeamCountry "DEN"]
[BlackTeamCountry "DEN"]

1. d4 d5 2. c4 e6 3. Nc3 c5 4. cxd5 cxd4 5. Qa4+ Bd7 6. Qxd4 exd5 7. Qxd5 Nf6
8. Qd1 Bc5 9. Nf3 O-O 10. e3 Nc6 11. Be2 Qe7 12. O-O Rfd8 13. a3 Rac8 14. Qc2
g6 15. Bd2 Bf5 16. Qa4 Ne5 17. Nd4 Bd7 18. Qc2 Nc6 19. Nxc6 Bxc6 20. Rad1 Bd6
21. Qb3 Ne4 22. Nxe4 Qxe4 23. f3 Qe8 24. Bc4 Rc7 25. Qa2 b5 26. Bb3 Rcd7 27.
Ba5 Qxe3+ 28. Kh1 Qf4 29. Rxd6 Rxd6 30. Bxd8 Rxd8 31. Qb1 Rd2 32. Qc1 Qg5 33.
Rg1 Bd5 34. Qc8+ Kg7 35. Qc3+ 1/2-1/2